000
00281nam a22001217a 4500
008
170313b xxu||||| |||| 00| 0 eng d
041
_a
eng
080
_a
591
100
_a
7
101
_a
SHM
245
_a
LABORATORY ANIMAL MANAGEMENT WILD BIRDS
_c
CHAIRMAN.J.R,K
942
_2
udc
_c
BK
999
_c
7644
_d
7644